000 00915nam a2200253Ia 4500
003 OSt
005 20221005113323.0
006 a|||||r|||| 00| 0
007 ta
008 221004b |||||||| |||| 00| 0 pan d
020 _a8173801835 (hbk)
_cINR 400.00
024 _a64905
037 _bSP/5334, 28/01/2020, Star Publications Pvt. Ltd.
_cTextual
040 _aCRL
_cCRL
_bpan
041 _2pan
_apan
082 _aO153:f, P6;Q9
100 _aਸਿੰਘ, ਪਿਆਰ, ਂਚ.
245 0 _aਖੋਜ ਸਿੱਧਾਂਤ ਤੇ ਵਿਵਹਾਰ
260 _aਪਟਿਆਲਾ
_bਪਬਲੀਕੇFਨ ਬਿਊਰੋ ਭਾਰਤ
_c2019
300 _a276ਪ੍ਰ0
_ccm.
650 _aਪੰਜਾਬੀ ਸਾਹਿਤ
942 _hO153:f, P6;Q9
_cTEXL
_2cc
999 _c1027788
_d1027788